| 000 | 00529nam a22001937a 4500 | ||
|---|---|---|---|
| 005 | 20260506112956.0 | ||
| 008 | 260506b |||||||| |||| 00| 0 eng d | ||
| 020 |
_a9780810868694 _qpbk |
||
| 041 | _aeng | ||
| 082 | _a341.242 ROY | ||
| 100 | _aRoy, Joaquin | ||
| 245 |
_aThe A to Z of the European Union _c/Joaquin Roy |
||
| 260 |
_aUK _bThe Scarecrow Press, Inc. _c2009 |
||
| 300 |
_axiii, 259. : _c22cm. |
||
| 490 |
_aThe A to Z guide Series _vvol.82 |
||
| 504 | _aBiblio | ||
| 650 | _a Law of nations | ||
| 942 | _cENGLISH | ||
| 999 |
_c622619 _d622619 |
||